Diplomatic Relations of Russia - Statistics

General Stats
  • This quiz has been taken 6 times
  • The average score is 108 of 194
Answer Stats
Date Country % Correct
14 February 1992 Ukraine
100%
24 August 1553 United Kingdom
100%
25 June 1992 Belarus
83%
9 June 1934 Czech Republic
83%
24 October 1991 Estonia
83%
November 1615 France
83%
13 September 1955 Germany
83%
15 May 1948 Israel
83%
4 October 1991 Latvia
83%
4 October 1991 Lithuania
83%
1613 Netherlands
83%
23 February 1838 Serbia
83%
22 August 2011 South Sudan
83%
15 March 1722 Sweden
83%
21 July 1944 Syria
83%
14 July 1809 United States
83%
27 May 1919 Afghanistan
67%
4 July 1924 Albania
67%
13 June 1995 Andorra
67%
10 October 1942 Australia
67%
25 February 1924 Austria
67%
11 April 1853 Belgium
67%
3 October 1828 Brazil
67%
12 June 1942 Canada
67%
2 October 1949 China
67%
25 May 1992 Croatia
67%
8 November 1493 Denmark
67%
26 August 1943 Egypt
67%
31 December 1920 Finland
67%
5 September 1838 Greece
67%
7 September 1979 Grenada
67%
4 February 1934 Hungary
67%
4 October 1943 Iceland
67%
16 May 1941 Iraq
67%
29 September 1973 Ireland
67%
7 February 1921 Italy
67%
7 February 1855 Japan
67%
11 March 1963 Kuwait
67%
8 October 1960 Mali
67%
6 August 1992 Marshall Islands
67%
11 December 1890 Mexico
67%
26 June 2006 Montenegro
67%
29 August 1958 Morocco
67%
30 December 1987 Nauru
67%
13 April 1944 New Zealand
67%
12 October 1948 North Korea
67%
7 November 1905 Norway
67%
28 November 2006 Palau
67%
10 January 1990 Palestine
67%
7 April 1921 Poland
67%
24 October 1878 Romania
67%
16 February 1926 Saudi Arabia
67%
1 January 1993 Slovakia
67%
25 May 1992 Slovenia
67%
28 February 1992 South Africa
67%
30 September 1990 South Korea
67%
20 July 1812 Spain
67%
3 January 1956 Sudan
67%
3 July 1897 Thailand
67%
25 October 2011 Tuvalu
67%
9 December 2009 Vatican City
67%
9 September 2008 Abkhazia
50%
19 March 1962 Algeria
50%
8 October 1976 Angola
50%
5 January 1990 Antigua and Barbuda
50%
6 June 1946 Argentina
50%
4 April 1992 Armenia
50%
4 April 1992 Azerbaijan
50%
14 January 2004 Bahamas
50%
29 September 1990 Bahrain
50%
29 January 1993 Barbados
50%
25 June 1991 Belize
50%
4 June 1962 Benin
50%
9 August 1898 Bolivia
50%
26 December 1996 Bosnia and Herzegovina
50%
17 March 1970 Botswana
50%
7 July 1879 Bulgaria
50%
18 February 1967 Burkina Faso
50%
1 October 1962 Burundi
50%
25 November 1975 Cabo Verde
50%
6 November 1956 Cambodia
50%
18 February 1964 Cameroon
50%
15 December 1960 Central African Republic
50%
24 November 1964 Chad
50%
26 December 1991 Chile
50%
25 June 1935 Colombia
50%
6 January 1976 Comoros
50%
8 May 1944 Costa Rica
50%
23 January 1967 Côte d'Ivoire
50%
8 May 1960 Cuba
50%
29 June 1960 Democratic Republicof the Congo
50%
3 April 1978 Djibouti
50%
19 May 1995 Dominica
50%
14 March 1945 Dominican Republic
50%
12 November 1969 Ecuador
50%
3 June 1992 El Salvador
50%
7 December 1968 Equatorial Guinea
50%
24 May 1993 Eritrea
50%
19 October 1999 Eswatini
50%
21 April 1943 Ethiopia
50%
9 March 1999 Federated States ofMicronesia
50%
30 January 1974 Fiji
50%
15 October 1973 Gabon
50%
17 July 1965 Gambia
50%
1 July 1992 Georgia
50%
15 January 1958 Ghana
50%
19 April 1945 Guatemala
50%
3 October 1958 Guinea
50%
17 December 1970 Guyana
50%
2 June 1996 Haiti
50%
30 September 1990 Honduras
50%
14 April 1947 India
50%
3 February 1950 Indonesia
50%
1521 Iran
50%
12 March 1975 Jamaica
50%
22 October 1992 Kazakhstan
50%
14 December 1963 Kenya
50%
20 March 1992 Kyrgyzstan
50%
7 October 1960 Laos
50%
31 July 1944 Lebanon
50%
1 February 1980 Lesotho
50%
11 January 1956 Liberia
50%
25 September 1955 Libya
50%
30 January 1994 Liechtenstein
50%
7 March 1891 Luxembourg
50%
29 September 1972 Madagascar
50%
2 November 1993 Malawi
50%
21 September 1966 Maldives
50%
12 July 1964 Mauritania
50%
17 March 1968 Mauritius
50%
6 April 1992 Moldova
50%
11 July 2006 Monaco
50%
5 November 1921 Mongolia
50%
28 June 1975 Mozambique
50%
18 February 1948 Myanmar
50%
21 March 1990 Namibia
50%
20 July 1956 Nepal
50%
13 September 1979 Nicaragua
50%
17 February 1972 Niger
50%
25 November 1960 Nigeria
50%
31 January 1994 North Macedonia
50%
26 September 1985 Oman
50%
1 May 1948 Pakistan
50%
21 November 1903 Panama
50%
19 May 1976 Papua New Guinea
50%
14 May 1992 Paraguay
50%
17 January 1873 Peru
50%
24 October 1779 Portugal
50%
1 August 1988 Qatar
50%
7 July 1960 Republic of the Congo
50%
17 October 1963 Rwanda
50%
19 April 2004 Saint Lucia
50%
17 September 2002 Saint Vincent and theGrenadines
50%
2 July 1977 Samoa
50%
30 September 1993 San Marino
50%
9 August 1975 São Tomé and Príncipe
50%
14 June 1962 Senegal
50%
30 June 1976 Seychelles
50%
26 April 1961 Sierra Leone
50%
30 September 1960 Somalia
50%
9 September 2008 South Ossetia
50%
2 November 1976 Suriname
50%
6 March 1814 Switzerland
50%
8 April 1992 Tajikistan
50%
10 December 1961 Tanzania
50%
20 May 2002 Timor-Leste
50%
1 May 1960 Togo
50%
14 October 1975 Tonga
50%
6 June 1974 Trinidad and Tobago
50%
11 July 1956 Tunisia
50%
8 November 1924 Türkiye
50%
8 April 1992 Turkmenistan
50%
11 October 1962 Uganda
50%
8 December 1971 United Arab Emirates
50%
10 December 1857 Uruguay
50%
20 March 1992 Uzbekistan
50%
30 June 1986 Vanuatu
50%
30 January 1950 Vietnam
50%
31 October 1955 Yemen
50%
2 October 1964 Zambia
50%
20 February 1981 Zimbabwe
50%
25 January 1972 Bangladesh
33%
1 October 1991 Brunei
33%
18 November 1960 Cyprus
33%
30 September 1973 Guinea-Bissau
33%
20 August 1963 Jordan
33%
5 September 1990 Kiribati
33%
3 April 1967 Malaysia
33%
26 July 1967 Malta
33%
2 June 1976 Philippines
33%
22 September 2003 Saint Kitts and Nevis
33%
1 June 1968 Singapore
33%
19 February 1957 Sri Lanka
33%
14 March 1945 Venezuela
33%
No matching quizzes found
Score Distribution
Percent of People with Each Score
Percentile by Number Answered
Your Score History
You have not taken this quiz